000 00301nam a22001337a 4500
008 170526b xxu||||| |||| 00| 0 eng d
020 _a2900132296075
041 _aeng
080 _26TH
_a621
100 _a25
101 _aIM
245 _aMECHANICAL MEASUREMENTS
_cBECKWITH, TH.G
942 _2udc
_cBK
999 _c14360
_d14360